000 01008nam a2200241 a 4500
001 75040
003 BD-RjUL
005 20211209082633.0
008 190113b2018 bg ||||| b||| 00| 0 ben d
020 _a9789849303121
_c: 300.00
035 _a(BD-RjUL)75258
040 _aBD-RjUL
_bben
_cBD-RjUL
_dBD-RjUL
_eBD-RjUL
041 _aben
082 _223
_a954.14
_bHOB 2018
100 1 _aহোসেন, মোহাম্মদ আখতার
_9226900
245 1 _aবাংলার জনপদ জনগোষ্ঠি ও শাসকগণ /
_cপ্রফেসর ড. মোহাম্মদ আখতার হোসেন
260 _aঢাকা :
_bপ্রত্যাশা প্রকাশনী,
_c২০১৮
300 _a১৯১ পৃ. ;
_c২০ সেমি.
504 _aগ্রন্থপঞ্জি সংযুক্ত।
650 _aবাংলা (ভারত)
_xইতিহাস।
_9226901
650 _aBengal (India)
_xHistory.
_9226902
942 _2ddc
_cBK
999 _c75040
_d75040